000 00623nam a2200205Ia 4500
001 21423
003 GE_BSU
008 181216s||||||||xx |||||||||||||| ||und||
040 _cGE_BSU
080 _aპერიოდიკა
245 _aВопросы Культурологии, №7. 2017
245 _cГл. ред. Агошков Андрей Валерьевич
260 _aМосква
260 _c2017
300 _a81стр. 26 см. илл.
653 _aВопросы Культурологии. №7. 2017
653 _aПериодика
653 _aპერიოდიკა
942 _cCR
999 _c54367
_d54367